LIBRARY & INFORMATION CENTRE, KCAET, TAVANUR

ONLINE PUBLIC ACCESS CATALOGUE (OPAC)

Agricultural Nanotechnology (Record no. 14626)

MARC details
000 -LEADER
fixed length control field 00475nam a22001697a 4500
020 ## - INTERNATIONAL STANDARD BOOK NUMBER
ISBN 9789382126249
082 ## - DEWEY DECIMAL CLASSIFICATION NUMBER
Classification number 630
Item number BAN/AG
100 ## - MAIN ENTRY--AUTHOR NAME
Personal name Bansal, D K
245 ## - TITLE STATEMENT
Title Agricultural Nanotechnology
260 ## - PUBLICATION, DISTRIBUTION, ETC. (IMPRINT)
Place of publication New Delhi
Name of publisher Astha Publishers & Distributors
Year of publication 2014
300 ## - PHYSICAL DESCRIPTION
Number of Pages 244 pages;
650 ## - SUBJECT ADDED ENTRY--TOPICAL TERM
Topical Term Nanotechnology
650 ## - SUBJECT ADDED ENTRY--TOPICAL TERM
Topical Term Agriculture
650 ## - SUBJECT ADDED ENTRY--TOPICAL TERM
Topical Term Plant Bacteria virus
650 ## - SUBJECT ADDED ENTRY--TOPICAL TERM
Topical Term Health Impact of nanotechnologies
942 ## - ADDED ENTRY ELEMENTS (KOHA)
Koha item type Books
Holdings
Withdrawn status Lost status Damaged status Collection code Home library Current library Shelving location Date acquired Cost, normal purchase price Full call number Accession Number Koha item type
        KAUAET KAUAET General Stacks 21/07/2016 895.00 630 BAN/AG 24237 Books
free website counter